The middle Clarence dialects of Bandjalang /
| Main Author: | |
|---|---|
| Other Authors: | |
| Format: | Book |
| Language: | English Papuan (Other) |
| Published: |
Canberra :
Australian Institute of Aboriginal Studies,
1978.
|
| Series: | Research and regional studies (Australian Institute of Aboriginal Studies) ;
no. 12. Australian aboriginal studies. |
| Subjects: |
MARC
| Tag | First Indicator | Second Indicator | Subfields |
|---|---|---|---|
| LEADER | 00000cam a2200000 a 4500 | ||
| 001 | in00000092350 | ||
| 005 | 20150923132112.0 | ||
| 008 | 800124s1978 at a b 00010 engm | ||
| 010 | |a 79322479 | ||
| 015 | |a Aus*** | ||
| 020 | |a 0855750650 | ||
| 035 | |a (OCoLC)06041138 | ||
| 035 | |9 AAK7433AM | ||
| 040 | |a DLC |c DLC |d m.c. |d TXA |d UtOrBLW | ||
| 041 | 0 | |a eng |a paa | |
| 049 | |a TXAM |c [1387839] | ||
| 050 | 0 | 0 | |a PL7101 B3 |b C7 |
| 082 | 0 | |a 499/.15 | |
| 100 | 1 | |a Crowley, Terry. | |
| 245 | 1 | 4 | |a The middle Clarence dialects of Bandjalang / |c Terry Crowley ; appendix, Bandjalang grammar / W.E. Smythe. |
| 264 | 1 | |a Canberra : |b Australian Institute of Aboriginal Studies, |c 1978. | |
| 300 | |a xiv, 478 pages : |b illustrations ; |c 25 cm. | ||
| 336 | |a text |b txt |2 rdacontent | ||
| 337 | |a unmediated |b n |2 rdamedia | ||
| 338 | |a volume |b nc |2 rdacarrier | ||
| 490 | 1 | |a Australian aboriginal studies | |
| 490 | 1 | |a Research and regional studies ; |v no. 12 | |
| 500 | |a English and Bandjalang. | ||
| 504 | |a Bibliography: pages 242-246. | ||
| 650 | 0 | |a Bandjalang language |x Dialects. | |
| 700 | 1 | |a Smythe, W. E. | |
| 830 | 0 | |a Research and regional studies (Australian Institute of Aboriginal Studies) ; |v no. 12. | |
| 830 | 0 | |a Australian aboriginal studies. | |
| 999 | |a MARS | ||
| 999 | f | f | |s 3fb48764-2e8a-3e81-938d-01d5d2ee3151 |i 58b64d2a-acde-3d7e-a746-6e5099825c32 |t 0 |
| 952 | f | f | |p ric |a Texas A&M University |b Rellis Campus |c Joint Library Facility |d Remote Storage |t 0 |e PL7101 B3 C7 |h Library of Congress classification |i unmediated -- volume |m A14806007625 |
| 998 | f | f | |a PL7101 B3 C7 |t 0 |l Remote Storage |